Nuestro mundo 6º naturaleza.
Gespeichert in:
| 1. Verfasser: | |
|---|---|
| Format: | Buch |
| Sprache: | Spanisch |
| Erschienen: |
Valladolid :
Miñón,
1974
|
| Ausgabe: | 1ª ed. |
| Katalog: | MANES: Suchergebnis im Bibliothekskatalog |
| Schulbuchspezifische Eigenschaften: |
|
| Tags: |
Tag hinzufügen
Keine Tags, Fügen Sie den ersten Tag hinzu!
|
| Hinzugefügt zu: | 04.05.2025 |
| Geändert in: | 05.05.2025 |
MARC
| LEADER | 00000nam a22000007a 4500 | ||
|---|---|---|---|
| 003 | OSt | ||
| 005 | 20250505120603.0 | ||
| 008 | 250505b |||||||| |||| 00| 0 spa d | ||
| 020 | |a 84-355-0398-4 | ||
| 040 | |a centro_Manes |c Aula Museo de la Universidad de Oviedo | ||
| 100 | |a Álvarez, Antonio |e autor |9 27733 | ||
| 245 | |a Nuestro mundo 6º naturaleza. | ||
| 250 | |a 1ª ed. | ||
| 260 | |a Valladolid : |b Miñón, |c 1974 | ||
| 300 | |a 279 p. |c 26,5 x 18,5 cm. | ||
| 500 | |a Cartón. Ilustraciones en color. Los autores son: Juan Arranz y Cesáreo Herrero. En contraportada: “Presentado en el Ministerio de Educación y Ciencia”. ISBN: 84-355-0398-4. | ||
| 546 | |a España | ||
| 690 | 0 | |a CN | |
| 691 | 0 | |a PRI | |
| 942 | |2 ddc |c BK | ||
| 999 | |c 104403 |d 104403 | ||
| 999 | |c manes:104403 |d 104403 | ||